Normal view
MARC view
- Richard I. Levin , Charles AS. Kirkpatrick, David S. Rubin
Entry Personal Name
001 - CONTROL NUMBER
- control field: 54563
003 - CONTROL NUMBER IDENTIFIER
- control field: NUST
005 - DATE AND TIME OF LATEST TRANSACTION
- control field: 20210421120006.0
008 - FIXED-LENGTH DATA ELEMENTS
- fixed length control field: 210421|| aca||aabn | a|a d
040 ## - CATALOGING SOURCE
- Original cataloging agency: NUST
- Transcribing agency: NUST
100 ## - HEADING--PERSONAL NAME
- Personal name: Richard I. Levin , Charles AS. Kirkpatrick, David S. Rubin
670 ## - SOURCE DATA FOUND
- Source citation: Work cat.: (NUST): Richard I. Levin , Charles AS. Kirkpatrick, David S. Rubin, Quantitative Approaches to Management
